000 00349nam a22001577a 4500
005 20180412114004.0
008 160622b xxu||||| |||| 00| 0 eng d
020 _a81-7496-024-4
041 _aeng
082 _b9248
_a346.066
245 _aCompanies Act
260 _bTaxmanns
_c1995
300 _a1.625
650 _aManagement
_9241
942 _cBK
999 _c3584
_d3583